00578nam a2200169Ia 4500008004100000020001500041041001200056082001600068100001700084245005500101260003300156300000800189650001700197942000700214999001500221952017200236221030s9999 xx 000 0 und d a8122005659 aEnglish a105.23bSax aK. K. Saxena 0aIndian Macroeconomics Environmentcby K. K. Saxena bKonark Pub.aNew Delhic2000 a304 aBE Economics cBK c7403d7403 pBE 3836g100.00l0o105.23 Saxr2024-06-13 00:00:00w2022-10-30yBK003Print4070aMIETLIBbMIETLIBcBL-Academic Block- A, FL-1, CUP-89, SH-5, R-5d2001-04-2410HBE